000 00252nam a2200097Ia 4500
005 20251222114342.0
008 251222s1900||||xx |||||||||||||| ||spa||
082 _aDVD0192/U61L/2002
245 0 _aCharla: el acto poético y la creación lírica:
942 _cDVD
999 _c919
_d919